[Event "Montevideo Trebejos op 09"]
[Site "Montevideo"]
[Date "2016.10.13"]
[Round "7"]
[White "Fernandez Cuneo, Carlos"]
[Black "Buscio, Jorge"]
[Result "1-0"]
[WhiteElo "1737"]
[BlackElo "1865"]
[PlyCount "47"]
[EventDate "2016.09.28"]
[EventType "swiss"]
[EventRounds "7"]
[EventCountry "URU"]
[SourceTitle "EXT 2018"]
[Source "ChessBase"]
[SourceDate "2017.10.13"]
[SourceVersion "1"]
[SourceVersionDate "2017.10.13"]
[SourceQuality "1"]

1. e4 e6 2. d4 d5 3. e5 b6 4. Nf3 Ba6 5. Bxa6 Nxa6 6. c3 Ne7 7. Qa4+ c6 8. Qxa6 Nf5 9. 0-0 h6 10. Be3 Be7 11. Nbd2 Qc7 12. Qe2 0-0-0 13. a4 g5 14. h3 Rdg8 15. a5 b5 16. Nh2 h5 17. b3 f6 18. c4 b4 19. cxd5 exd5 20. Rfc1 Kd7 21. e6+ Kd8 22. Qa6 g4 23. Rxc6 Qb8 24. Bf4 1-0